Mathematical techniques : an introduction for the engineering, physical, and mathematical sciences (Record no. 7606)
[ view plain ]
| 000 -LEADER | |
|---|---|
| fixed length control field | 00560 a2200169 4500 |
| 020 ## - INTERNATIONAL STANDARD BOOK NUMBER | |
| International Standard Book Number | 0199249725 |
| 040 ## - CATALOGING SOURCE | |
| Original cataloging agency | DLC |
| Language of cataloging | DLC |
| 100 1# - MAIN ENTRY--PERSONAL NAME | |
| Personal name | Jordan, D. W. |
| 245 10 - TITLE STATEMENT | |
| Title | Mathematical techniques : an introduction for the engineering, physical, and mathematical sciences |
| Statement of responsibility, etc. | D.W. Jordan and P. Smith. |
| 250 ## - EDITION STATEMENT | |
| Edition statement | 3rd ed. |
| 260 ## - PUBLICATION, DISTRIBUTION, ETC. | |
| Place of publication, distribution, etc. | Oxford ; |
| -- | New York : |
| Name of publisher, distributor, etc. | Oxford University Press, |
| Date of publication, distribution, etc. | 2002. |
| 300 ## - PHYSICAL DESCRIPTION | |
| Extent | xviii, 862 p. : |
| Other physical details | ill. ; |
| Dimensions | 25 cm. |
| 500 ## - GENERAL NOTE | |
| General note | Includes index. |
| 650 #0 - SUBJECT ADDED ENTRY--TOPICAL TERM | |
| Topical term or geographic name entry element | Mathematical analysis. |
| 700 1# - ADDED ENTRY--PERSONAL NAME | |
| Personal name | Smith, Peter, |
| Dates associated with a name | 1935- |
| 942 ## - ADDED ENTRY ELEMENTS (KOHA) | |
| Koha item type | Book |
| Call number prefix | 515 JOR |
| Source of classification or shelving scheme | |
| Withdrawn status | Lost status | Damaged status | Not for loan | Collection code | Permanent Location | Current Location | Shelving location | Date acquired | Source of acquisition | Cost, normal purchase price | Total Checkouts | Total Renewals | Full call number | Barcode | Date last seen | Date last checked out | Price effective from | Koha item type |
|---|---|---|---|---|---|---|---|---|---|---|---|---|---|---|---|---|---|---|
| Central Library (CL) | Central Library (CL) | General Stacks | 01/22/2007 | New Public Book | 3545.10 | 3 | 2 | 515 JOR | SEECS008014 | 01/18/2024 | 09/24/2023 | 01/05/2017 | Book |
